Focus (Record no. 79529)

MARC details
000 -LEADER
fixed length control field 01106cab a22002175a 4500
001 - CONTROL NUMBER
control field L141589
008 - FIXED-LENGTH DATA ELEMENTS--GENERAL INFORMATION
fixed length control field 071204e20071103xxkado f 000 0 eng d
035 ## - SYSTEM CONTROL NUMBER
System control number (Sirsi) u141589
041 0# - LANGUAGE CODE
Language code of text/sound track or separate title eng
100 1# - MAIN ENTRY--PERSONAL NAME
Personal name Pilkington, Lisa
245 00 - TITLE STATEMENT
Title Focus
Remainder of title East Midlands special
490 ## - SERIES STATEMENT
Series statement Estates Gazette
Volume/sequential designation (0744) 3 November 2007, 132-162(15)
520 ## - SUMMARY, ETC.
Summary, etc. Reports that although the overall office market has performed well, problems have beset the industrial and retail sectors. Raises concerns that while Derby's new and expanded shopping developments will succeed, it may be to the detriment of the rest of the region. Reports that there are early signs of the hotel industry considering the East Midlands for future developments. The sector is poorly represented in the area. Compares infrastructural developments in Derby with those in Nottingham and finds the former lacking.
590 ## - LOCAL NOTE (RLIN)
Local note KA
651 #4 - SUBJECT ADDED ENTRY--GEOGRAPHIC NAME
Geographic name East Midlands
690 ## - LOCAL SUBJECT ADDED ENTRY--TOPICAL TERM (OCLC, RLIN)
Topical term or geographic name as entry element PROPERTY-COMMERCIAL PROPERTY-COMMERCIAL PROPERTY MARKET
700 1# - ADDED ENTRY--PERSONAL NAME
Personal name Hayes Watkins, Andrew
700 1# - ADDED ENTRY--PERSONAL NAME
Personal name Elghamry, Nadia
700 1# - ADDED ENTRY--PERSONAL NAME
Personal name Thame, David
942 ## - ADDED ENTRY ELEMENTS (KOHA)
Suppress in OPAC 0
Holdings
Withdrawn status Lost status Source of classification or shelving scheme Damaged status Not for loan Home library Current library Shelving location Date acquired Total Checkouts Full call number Barcode Date last seen Copy number Price effective from Koha item type
    Dewey Decimal Classification     London London Journal article 04/12/2007   L141589 141589-1001 06/08/2019 1 06/08/2019 Journal article